| 000 | 00722nam a2200193Ia 4500 | ||
|---|---|---|---|
| 005 | 20251020182559.0 | ||
| 008 | 200515s9999 xx 000 0 und d | ||
| 082 | _aSC/331.822/823:658.1/O36 | ||
| 110 | _aOIT | ||
| 245 | 0 | _aSeguridad e higiene del trabajo en las empresas multinacionales | |
| 260 | _aGinebra | ||
| 260 | _c1984 | ||
| 300 | _a117 | ||
| 520 | _aAnaliza las normas de seguridad e higiene del trabajo de ocho Empresas multinacionales activas en una amplia variedad de industrias en siete países (república federal de Alemania, EE.UU., México, Nigeria, Países Bajos, Reino Unido y Suiza) gracias a detal | ||
| 650 | _aEMPRESAS | ||
| 650 | _aPUB OIT | ||
| 650 | _aSEGURIDAD E HIGIENE | ||
| 942 | _cLIB | ||
| 999 |
_c3004 _d3004 |
||